[Event "Robecchetto op-C 25th"]
[Site "Robecchetto"]
[Date "2014.12.27"]
[Round "3"]
[White "Pattano, Antonio"]
[Black "Colombo, Abner"]
[Result "1-0"]
[WhiteElo "1437"]
[BlackElo "1307"]
[PlyCount "63"]
[EventDate "2014.12.26"]
[EventType "swiss"]
[EventRounds "6"]
[EventCountry "ITA"]
[SourceTitle "EXT 2024"]
[Source "ChessBase"]
[SourceDate "2023.10.10"]
[SourceVersion "1"]
[SourceVersionDate "2023.10.10"]
[SourceQuality "1"]

1. e4 c5 2. Nf3 g6 3. Nc3 Bg7 4. d3 Nc6 5. Bd2 e5 6. Qc1 h6 7. Be2 Nd4 8. Rb1 Nxf3+ 9. Bxf3 d6 10. Nd5 b6 11. c4 Ne7 12. Nc3 Nc6 13. Be3 Nb4 14. Qd2 a5 15. a3 Nc6 16. Qe2 Ba6 17. g3 Rb8 18. Nb5 a4 19. 0-0 Nd4 20. Bxd4 cxd4 21. Qd1 Bxb5 22. cxb5 Ra8 23. Rc1 h5 24. h4 g5 25. Bxh5 gxh4 26. Qf3 Ra7 27. Qf5 Rc7 28. Bg4 hxg3 29. fxg3 Bh6 30. Rc6 Be3+ 31. Kg2 Rxc6 32. Qxf7# 1-0